| 000 | 00655nam a2200193Ia 4500 | ||
|---|---|---|---|
| 003 | GCL | ||
| 005 | 20240530102454.0 | ||
| 008 | 140319s9999 xx 000 0 ara d | ||
| 040 |
_aGCL / _cGCL |
||
| 082 | 0 | 4 |
_a329.96 _bح ن |
| 100 | 1 | _aحورية توفيق مجاهد | |
| 245 | 1 | 0 |
_aنظام الحزب الواحد فى افريقيا بين النظرية والتطبيق / _cحورية توفيق مجاهد |
| 260 |
_a[S.N] : _bمكتبة الانجلوالمصرية ، _c1988 |
||
| 300 | _a191 ص | ||
| 650 | 0 | 4 | _aالاحوال السياسية |
| 650 | 0 | 4 | _aافريقيا |
| 650 | 0 | 4 | _aالاحزاب السياسية |
| 942 |
_2ddc _cBK |
||
| 999 |
_c32491 _d32491 |
||